• 首页
  • 本馆介绍
  • 公告通知
  • 最新文献
  • 馆藏检索
  • 电子资源
  • 读者导购
  • 参考咨询
  • 我的图书馆
  • 登录
  • 详细信息显示
  • 放入我的书架
  • 预约/预借图书
  • 作者相关作品
  • 分类相关作品
  • 丛书相关作品
  • 出版社相关作品

书目信息

  • 表格格式
  • 工作单格式
  • 卡片格式
题名:
《绣像小说》的异域书写研究
    
 
作者: 赵娟茹 著
分册:  
出版信息: 成都   四川大学出版社  2020
页数: 178页
开本: 24cm
丛书名: 中国俗文化研究大系
单 册:
中图分类: I209.52
科图分类:
主题词: 文学--期刊--研究--中国--清后期
电子资源:
ISBN: 978-7-5690-3887-3
000 01190nam0 2200241 450
001 011088734
005 20210309133411.0
010    @a978-7-5690-3887-3@dCNY48.00
100    @a20210309d2020 kemy0chiy0120 ea
101 0  @achi
102    @aCN@b510000
105    @aa v 000yy
106    @ar
200 1  @a《绣像小说》的异域书写研究@9《 xiu xiang xiao shuo 》de yi yu shu xie yan jiu@b专著@f赵娟茹著
210    @a成都@c四川大学出版社@d2020
215    @a178页@c图@d24cm
225 1  @a中国俗文化研究大系@i俗文学与俗文献研究丛书@f项楚,普慧总主编
330    @a本书为文学类学术专著。该书研究对象是《绣像小说》,它诞生在新旧并存、东西交杂的时代背景下,它将通俗文学的形式和晚清启蒙话语结合在一起,运用文字和图像两种方式重构异域乌托邦的物质、制度、心灵和视觉文化。但作家们都囿于自身的经验和视野,他们的异域书写只是在表达自己对异域认识的一种想象性建构行为,做不到准确地传递异域知识,探讨《绣像小说》的异域书写行为、异域书写的内容、异域书写体现的观念变革、异域书写在文本中产生的审美效应,都是十分必要的。
606 0  @a文学@x期刊@x研究@y中国@z清后期
690    @aI209.52@v5
701  0 @a赵娟茹@9zhao juan ru@f(1984-)@4著
801  0 @aCN@bBJXHZP@c20230228
905    @b1395301-4@dI209.52@e407@f4
    
    《绣像小说》的异域书写研究/赵娟茹著.-成都:四川大学出版社,2020
    178页:图;24cm.-(中国俗文化研究大系.俗文学与俗文献研究丛书/项楚,普慧总主编)
    
    
    ISBN 978-7-5690-3887-3:CNY48.00
    本书为文学类学术专著。该书研究对象是《绣像小说》,它诞生在新旧并存、东西交杂的时代背景下,它将通俗文学的形式和晚清启蒙话语结合在一起,运用文字和图像两种方式重构异域乌托邦的物质、制度、心灵和视觉文化。但作家们都囿于自身的经验和视野,他们的异域书写只是在表达自己对异域认识的一种想象性建构行为,做不到准确地传递异域知识,探讨《绣像小说》的异域书写行为、异域书写的内容、异域书写体现的观念变革、异域书写在文本中产生的审美效应,都是十分必要的。
●
相关链接 在E读中查询图书 在五车中查询图书 在当当中查询图书 在豆瓣中查询图书


正题名:《绣像小说》的异域书写研究     索取号:I209.52/407         预约/预借

序号 登录号 条形码 馆藏地/架位号 状态 备注
1 1395301   213953015   第一样本阅览室/ [索取号:I209.52/407] 在馆    
2 1395302   213953024   第二借阅区/ [索取号:I209.52/407] 在馆    
3 1395303   213953033   第二借阅区/ [索取号:I209.52/407] 在馆    
4 1395304   213953042   第二借阅区/ [索取号:I209.52/407] 在馆    
唐山师范学院图书馆 欢迎您!
大连网信软件有限公司© 版权所有